[Event "UKR Summer Youth Games"]
[Site "Evpatoria"]
[Date "2002.05.21"]
[Round "9"]
[White "Kislinsky, Alexey"]
[Black "Rozhin, Boris"]
[Result "1/2-1/2"]
[WhiteElo "2333"]
[BlackElo "2260"]
[PlyCount "112"]
[EventDate "2002.05.13"]
[EventType "swiss"]
[EventRounds "9"]
[EventCountry "UKR"]
[SourceTitle "EXT 2003"]
[Source "ChessBase"]
[SourceDate "2002.11.25"]
[SourceVersion "1"]
[SourceVersionDate "2002.11.25"]
[SourceQuality "1"]

1. e4 e6 2. d4 d5 3. e5 c5 4. c3 Bd7 5. Bd3 Qb6 6. dxc5 Bxc5 7. Qe2 a5 8. Nf3 Nc6 9. 0-0 Nge7 10. Bf4 f5 11. exf6 gxf6 12. Bh6 Rg8 13. Nbd2 e5 14. Nh4 e4 15. Qh5+ Kd8 16. Nxe4 dxe4 17. Bxe4 Kc7 18. b4 axb4 19. cxb4 Bxb4 20. Bxh7 Ra5 21. Bf4+ Kc8 22. Qf7 Rd8 23. Rac1 Qd4 24. Bg3 Rc5 25. Rcd1 Qc4 26. Qxf6 Bc3 27. Qd6 Be5 28. Bxe5 Rxe5 29. Nf3 Rd5 30. Rxd5 Qxd5 31. Qxd5 Nxd5 32. h4 Nc3 33. a3 Rh8 34. Ng5 Ne2+ 35. Kh2 Ned4 36. f3 Ne6 37. Nxe6 Bxe6 38. Be4 Rxh4+ 39. Kg3 Rh8 40. Kf4 Rf8+ 41. Ke3 Na5 42. Rc1+ Kb8 43. Ke2 Nc4 44. Rc3 Nd6 45. Bd3 Bd5 46. Rc5 Bc6 47. Rc3 Ka7 48. Rb3 Bd5 49. Rb4 Bc6 50. Kf2 Kb8 51. f4 Bd7 52. Be2 Rg8 53. Bf3 Rg7 54. Rb1 Rf7 55. Rb4 Rg7 56. Rb1 Rf7 1/2-1/2

[Event "UKR Summer Youth Games"]
[Site "Evpatoria"]
[Date "2002.05.20"]
[Round "8"]
[White "Rozhin, Boris"]
[Black "Eljanov, Pavel"]
[Result "0-1"]
[WhiteElo "2260"]
[BlackElo "2540"]
[PlyCount "64"]
[EventDate "2002.05.13"]
[EventType "swiss"]
[EventRounds "9"]
[EventCountry "UKR"]
[SourceTitle "EXT 2003"]
[Source "ChessBase"]
[SourceDate "2002.11.25"]
[SourceVersion "1"]
[SourceVersionDate "2002.11.25"]
[SourceQuality "1"]

1. e4 c5 2. Nc3 Nc6 3. g3 g6 4. Bg2 Bg7 5. Nge2 e6 6. d3 Nge7 7. Bg5 h6 8. Be3 Nd4 9. Qd2 d6 10. Rb1 Rb8 11. b4 b6 12. bxc5 dxc5 13. h4 Bb7 14. h5 g5 15. f4 g4 16. Nd1 f5 17. Nxd4 cxd4 18. Qb4 0-0 19. Qb3 Qd7 20. 0-0 Kh8 21. Nb2 b5 22. a4 a6 23. Rfc1 Rfc8 24. axb5 axb5 25. Ra1 Ra8 26. Qb4 Rxa1 27. Rxa1 Rxc2 28. Kf1 fxe4 29. Ra7 Nd5 30. Qb3 Nxe3+ 31. Kg1 Re2 32. Bxe4 Bxe4 0-1